| 000 | 03838nam a2200325 i 4500 | ||
|---|---|---|---|
| 001 | 000046285 | ||
| 003 | DO-SdBNP | ||
| 005 | 20240312202752.0 | ||
| 007 | ta | ||
| 008 | 110303s2022 dr 000 0 spa d | ||
| 020 | _a9789945250510 | ||
| 040 |
_aDO-SdBNP _bspa _cBNPHU _erda |
||
| 082 |
_aRD861.44 _bF363r _222 |
||
| 100 | 1 |
_aFernández Spencer, Antonio, _d1922-1995 _922525 |
|
| 245 | 1 | 0 |
_aReloj de arena / _cAntonio Fernandez Spencer ; compilado por Cándido Gerón |
| 264 |
_aSanto Domingo : _bArchivo General de la Nación, _c2022. |
||
| 300 |
_a494 paginas. ; _c24 cm. |
||
| 336 |
_2rdacontent _atexto _btxt |
||
| 337 |
_2rdamedia _asin mediación _bn |
||
| 338 |
_2rdacarrier _avolumen _bnc |
||
| 490 |
_aArchivo General de la Nación _v465 |
||
| 505 | _a Recordando a Arthur Koestler, 11.-- Camino de la lírica, 15.-- Schopenhauer y el genio de la especie (1944), 19.-- I, 19.-- II, 23.-- III, 31.-- Camilo José Cela : Premio Nobel de Literatura, 31.-- Magia y medicina (1953), 37.-- Monólogo de Hamlet en Santo Domingo (1960), 41.-- La filosofía no es un género literario, 45.-- I (1946), 45.-- II (1944), 48.-- III, 52.-- Algo del saber filosófico hoy (1965), 57.-- Metafísica y literatura fantástica de Borges, 61.-- Cenizas de mi cigarro, 67.-- I (1944), 67.-- II, 71.-- La llama del humanismo (1980), 77.-- Ventana de la filosofía (1944), 83.-- Antonio de Guevara : visión de la guerra y la ciencia en el siglo XVI, 87.-- I (1947), 87.-- II (1974), 90.-- Poesía, escritura y libertad del hombre (1948), 95.-- La vida, los malos libros y la muerte de Dios (1965), 105.-- I, 105.-- II,109.-- III, 111.-- Entender a los otros (1949), 119.-- La lucha del Nous y el mito (1949), 119.-- Tras las leyes de la imaginación (1943) 125.-- Hoy, en la cultura (1947), 129.-- En el espacio del mito (1949), 133.-- I, 133.-- II, 136.-- La endiablada crítica de Virginia Woolf (1954), 141.-- Vine a poner dificultades (1946), 145.-- Tiempo de novela (1958), 149.-- I, 149.-- II, 153.-- III, 156.-- IV, 159.-- V, 161.-- VI, 164.-- Platón abandona el teatro (1946), 167.-- Mirada a la crítica (1662), 171.-- Dos sistemas humanos de señales, 175.-- El lenguaje : creación del yo (1978), 179.-- I, 179.-- II, 181.-- III, 184.-- IV, 186.-- V, 189.-- Entrevista imaginaria, 193.-- XI, (la poesía política), 222.-- Entrevista. Nueva serie, 229.-- Algunos pintores del siglo XVIII, 317.-- I, 317.-- II, 320.-- La relatividad de la perfección, 323.-- Los entendidos, 323.-- I, 323.-- II, 326.-- Los hijos de Rubén Darío y Vicente Huidobro, 331.-- Lo pastoril en la literatura y en la pintura, 335.-- Octavio Paz, vigía de la modernidad poética, 339.-- I, 339.-- II, 342.-- III, 344.-- IV, 347.-- V, 349.-- El amor del bohío, 353.-- I, 353.-- II, 356.-- III, 358.-- IV, 362.-- El lenguaje y el lingüista, 367.-- Crítica literaria y error, 371.-- I, 371.-- II, 374.-- Ulloa, pintor clásico de la modernidad, 379.-- Encuentro con Luzbel, 383.-- I, 383.-- II, 386.-- Carta a Lucio Anneo séneca, 391.-- La poética de Horacio, 395.-- Vida y crítica literaria, 399.-- El siglo de la corrupción, 403.-- I, 403.-- II, 406.-- III, 409.-- Dos teorías sobre el ritmo en la prosa, 415.-- I, 415.-- II, 418.-- III; 421.-- A la puerta del mito (entrada de la novela Goeíza), 425.-- I, 425.-- II, 428.-- III, 431.-- IV, 435.-- Del doctor Johnson a Wordsworth, 439.-- I, 439.-- II, 442.-- III, 446.-- IV, 449.-- V, 453.-- Lo popular y lo culto en el lenguaje, 457.-- Causas históricas y sociales del episodio político en el hotel Matúm, 463.-- Índice onomástico, 477. | ||
| 590 | _ainventariado, 2023 / DG | ||
| 650 | 4 |
_aPoesía dominicana _961716 |
|
| 650 | 4 | _aLiteratura dominicana | |
| 700 | 1 |
_aGerón, Cándido _eCompilador _982130 |
|
| 830 | _pArchivo General de la Nación | ||
| 910 | _aDG | ||
| 942 |
_2ddc _cLBS1 |
||
| 999 |
_c53506 _d53506 |
||